000 00587nam a2200193 i 4500
001 128530
003 ES-MaACL
005 20230906193316.0
007 t|
008 070517s1978 sp ||||1| spa d
080 _a282(46)"19"
100 1 _aTamayo-Acosta, Juan José.
_9109160
245 1 0 _aUn proyecto de iglesia para el futuro de España /
_cJuan José Tamayo-Acosta.
260 _aMadrid :
_bEdic. Paulinas,
_c1978.
300 _a326 p. ;
_c21 cm.
650 0 4 _aEspaña-
_xHistoria eclesiástica-
_yS.XX.
_9219500
852 _aES-MaACL
_jA-8658
_bR.97566
999 _c128530
_d128530